00377nam a2200145 a 45000010005000000030005000050050017000100080041000270200018000680400020000861000018001062450061001242600026001853000020002115834CDMR20130321165555.0130220s2009||||||||||||||||||||||||||||d a9788403596238 aCDMRbcatcCDMR1 aSantos, J. J.10aAbrazos y zancadillasb: memorias deportivascJ.J Santos aMadridbAguilarc2009 a254 p. ;c24 cm